00200nam a2200085Ia 4500008004100000100001500041245002500056260001600081999001700097170817s9999 xx 000 0 und d aSINGH Y.K. 0aRESEARCH METHODOLOGY bA.P.H. PUB. c38049d38049